000 00293nam a22001337a 4500
008 170919b xxu||||| |||| 00| 0 eng d
020 _a0195073185
041 _aeng
080 _a7
100 _a44
101 _aART
245 _aCONTEMPORARY PUBLIC SCULPTURE
_cSENIE,H.F
942 _2udc
_cBK
999 _c28365
_d28365